Strukturnaja neorganičeskaja chimija v 3-ch tomach. Tom 3 : Perevod s angl /

Salvato in:
Dettagli Bibliografici
Autore principale: Wells, A.F (Autore)
Natura: Libro
Pubblicazione: Moskva : Mir, 1988
Tags: Aggiungi Tag
Nessun Tag, puoi essere il primo ad aggiungerne!!

MARC

LEADER 00000nam a22000003a 4500
001 stu14104
005 20150617225759.4
008 ------s1988----xxr---------------------d
040 |a STU  |b slo 
041 0
044 |a xxr 
080 |a 546 
100 1 |a Wells, A.F  |4 aut 
245 1 |a Strukturnaja neorganičeskaja chimija v 3-ch tomach. Tom 3 :  |b Perevod s angl /  |c [aut.]Wells,A.F 
260 |a Moskva :  |b Mir,  |c 1988 
300 |a 563 s :  |b Tab.,index 
996 |b C82501  |c C*82501  |l CCV  |s P  |a 0  |w stu14104_0001 
996 |b C82776  |c C*82776  |l CCII  |s P  |a 0  |w stu14104_0002 
996 |b C83026  |c C*83026  |l CCXXVI  |s P  |a 0  |w stu14104_0003 
996 |b C83534  |c C*83534  |l CCIII  |s P  |a 0  |w stu14104_0004 
996 |b C83529  |c C*83529  |l CCIII  |s P  |a 0  |w stu14104_0005 
996 |b C83533  |c C*83533  |l CCIII  |s P  |a 0  |w stu14104_0006